| 000 | 00644pam a2200205 a 4500 | ||
|---|---|---|---|
| 020 | _a0470207167 | ||
| 020 | _a0582988594 (pbk.) | ||
| 082 | 0 | 0 |
_a666.893 _bCON _cD |
| 100 | 1 |
_aNeville, Adam M. _936418 |
|
| 245 | 1 | 0 |
_aConcrete technology / _cA.M. Neville, J.J. Brooks. |
| 260 |
_aHarlow, Essex, UK : _bLongman Scientific & Technical ; _aNew York : _bJ. Wiley, _c2018. |
||
| 300 |
_axiii, 438 p. : _bill. ; _c24 cm. |
||
| 526 |
_a0 _b0 _c0 _d666_893000000000000_CON |
||
| 526 |
_a0 _b0 _c0 _d666_893000000000000_NEW |
||
| 650 | 0 |
_aCement. _921269 |
|
| 650 | 0 | _aConcrete. | |
| 650 | 0 |
_aMCE _9379 |
|
| 700 | 1 |
_aBrooks, J. J. _944871 |
|
| 942 |
_2ddc _cBK |
||
| 999 |
_c548549 _d548549 |
||